[Event "Tournoi des pays de l'OTAN 2012"]
[Site "BREST (France)"]
[Date "2012.10.04"]
[Round "6.28"]
[White "Musselman, Charles"]
[Black "Maes, Patrick"]
[Result "1-0"]
[WhiteElo "1872"]
[BlackElo "2042"]
[PlyCount "107"]
[EventDate "2012.??.??"]

1. e4 g6 2. Bc4 Bg7 3. d3 c6 4. Nc3 e6 5. Qe2 Ne7 6. Bd2 d5 7. exd5 exd5 8. Bb3
O-O 9. O-O-O a5 10. a4 Be6 11. Re1 Nd7 12. Nf3 Nc5 13. Ng5 Nxb3+ 14. cxb3 Nf5
15. Nxe6 fxe6 16. Qxe6+ Kh8 17. Bf4 Nd4 18. Qd6 Qxd6 19. Bxd6 Rxf2 20. Be5
Nxb3+ 21. Kb1 Bxe5 22. Rxe5 Nc5 23. Re7 Raf8 24. d4 Nd3 25. Rxb7 Rxg2 26. Rd1
Rf3 27. Ka1 Rxh2 28. Rb1 Nb4 29. Ra7 Rxc3 30. Rf1 Rf2 31. Ra8+ Kg7 32. Ra7+ Kh6
33. Rh1+ Kg5 34. bxc3 Nc2+ 35. Kb1 h5 36. Rg1+ Kh6 37. Ra6 Na3+ 38. Ka1 Nc2+
39. Kb1 Na3+ 40. Ka1 Rf6 41. Rxa5 h4 42. Ra8 Rf7 43. Rh8+ Rh7 44. Rxh7+ Kxh7
45. Rg4 g5 46. Rxg5 Kh6 47. Rg8 Kh5 48. a5 h3 49. a6 Nb5 50. Rg7 Kh4 51. a7
Nxa7 52. Rxa7 h2 53. Rh7+ Kg3 54. Kb2 1-0

[Event "Tournoi des pays de l'OTAN 2012"]
[Site "BREST (France)"]
[Date "2012.10.04"]
[Round "6.29"]
[White "Cohnen, Michael"]
[Black "Pazeriene, Diana"]
[Result "1/2-1/2"]
[WhiteElo "1809"]
[BlackElo "2030"]
[PlyCount "67"]
[EventDate "2012.??.??"]

1. d4 Nf6 2. c4 c6 3. Nc3 d5 4. Nf3 dxc4 5. a4 Bf5 6. e3 e6 7. Bxc4 Be7 8. O-O
O-O 9. Qe2 Bg4 10. h3 Bh5 11. Rd1 Nbd7 12. e4 a6 13. e5 Nd5 14. Nxd5 cxd5 15.
Bd3 Bg6 16. Bxg6 hxg6 17. Bd2 Rc8 18. Rdc1 Qb6 19. Rxc8 Rxc8 20. Bc3 Qb3 21.
Qd3 Qc4 22. Qd2 Nb6 23. Qd1 Qc6 24. a5 Na8 25. Rc1 Qd7 26. Bd2 Rxc1 27. Qxc1
Nc7 28. Qc2 Nb5 29. Kf1 Kf8 30. h4 Qc7 31. Qxc7 Nxc7 32. Ke2 Ke8 33. Kd3 Nb5
34. g3 1/2-1/2

[Event "Tournoi des pays de l'OTAN 2012"]
[Site "BREST (France)"]
[Date "2012.10.04"]
[Round "6.30"]
[White "Kocur, Marc"]
[Black "Patron, Pascal"]
[Result "1/2-1/2"]
[WhiteElo "1891"]
[BlackElo "2015"]
[PlyCount "65"]
[EventDate "2012.??.??"]

1. Nf3 d5 2. c4 Nf6 3. cxd5 Qxd5 4. Nc3 Qa5 5. Qa4+ Qxa4 6. Nxa4 Nc6 7. a3 e5
8. d3 h6 9. Be3 Nd5 10. Bc5 Bd6 11. Rc1 Bd7 12. e4 Nf4 13. Bxd6 cxd6 14. Nc3
Ne7 15. d4 exd4 16. Nxd4 a6 17. Rd1 Rd8 18. Nc2 Be6 19. g3 Bb3 20. gxf4 Bxc2
21. Rd2 Bb3 22. f5 d5 23. f3 dxe4 24. fxe4 Rxd2 25. Kxd2 Nc6 26. Rg1 Rg8 27.
Ne2 Ke7 28. Kc3 Bd1 29. Nf4 Bf3 30. Bc4 Ne5 31. Ng6+ Nxg6 32. fxg6 Bh5 33. Bxf7
1/2-1/2

[Event "Tournoi des pays de l'OTAN 2012"]
[Site "BREST (France)"]
[Date "2012.10.04"]
[Round "6.31"]
[White "Geerts, Luc"]
[Black "Bublys, Vaidotas"]
[Result "0-1"]
[WhiteElo "1596"]
[BlackElo "1930"]
[PlyCount "158"]
[EventDate "2012.??.??"]

1. d4 Nf6 2. Nf3 c6 3. c4 d5 4. cxd5 cxd5 5. Nc3 a6 6. g3 e6 7. Bg2 Nbd7 8. O-O
Bd6 9. Bg5 h6 10. Bc1 b5 11. a3 Bb7 12. Re1 Rc8 13. Qd3 O-O 14. Nd2 Bb8 15. e4
dxe4 16. Ndxe4 Qe7 17. Nxf6+ Nxf6 18. Bxb7 Qxb7 19. Ne4 Qe7 20. Qf3 Rfd8 21.
Nxf6+ Qxf6 22. Qxf6 gxf6 23. Bxh6 Rxd4 24. Be3 Rd5 25. Rac1 Rxc1 26. Rxc1 Be5
27. Rc8+ Kg7 28. Ra8 Rd6 29. b3 Bb2 30. a4 bxa4 31. bxa4 Bc3 32. Kg2 a5 33. h4
f5 34. h5 Rc6 35. h6+ Kg6 36. Rg8+ Kh7 37. Rf8 Rc7 38. Ra8 Rc4 39. Ra7 Kg6 40.
h7 Kxh7 41. Rxf7+ Kg6 42. Re7 Kf6 43. Ra7 Rxa4 44. Ra6 Rc4 45. Bb6 a4 46. Bd8+
Kf7 47. Ra7+ Ke8 48. Bg5 Bb2 49. Re7+ Kf8 50. Rxe6 a3 51. Ra6 Kf7 52. Bf4 Re4
53. Be3 Rc4 54. Bf4 Ke8 55. Bd6 Rc3 56. Be5 Rb3 57. Bd6 Kd7 58. Bf8 Rd3 59. Bb4
Bc1 60. Bf8 Kc7 61. Ra4 Kb6 62. Ra8 Kb5 63. Ra7 Bb2 64. Ra8 Kc4 65. Ra5 Rd5 66.
Rxd5 Kxd5 67. Bxa3 Bxa3 68. f3 Bd6 69. Kf2 Kd4 70. g4 f4 71. Ke2 Be7 72. Kd2
Bb4+ 73. Ke2 Ba5 74. Kf2 Kd3 75. Kg2 Ke3 76. g5 Bd8 77. g6 Bf6 78. Kg1 Kxf3 79.
Kf1 Bd4 0-1

[Event "Tournoi des pays de l'OTAN 2012"]
[Site "BREST (France)"]
[Date "2012.10.04"]
[Round "6.32"]
[White "Parisse, Denis"]
[Black "Oltean, Gusztav"]
[Result "1/2-1/2"]
[WhiteElo "1903"]
[BlackElo "2081"]
[PlyCount "33"]
[EventDate "2012.??.??"]

1. e4 c6 2. f4 d5 3. e5 Bf5 4. d3 e6 5. Nf3 Bg4 6. Be2 Qb6 7. c3 Ne7 8. Na3 Nf5
9. Nc2 Nd7 10. Qd2 Be7 11. Ne3 Nxe3 12. Qxe3 O-O 13. h3 Qxe3 14. Bxe3 Bxf3 15.
Bxf3 Bh4+ 16. Bf2 Bxf2+ 17. Kxf2 1/2-1/2

[Event "Tournoi des pays de l'OTAN 2012"]
[Site "BREST (France)"]
[Date "2012.10.04"]
[Round "6.33"]
[White "Maciokas, Kostas"]
[Black "Rosseel, Kimball"]
[Result "1-0"]
[WhiteElo "2064"]
[BlackElo "1786"]
[PlyCount "87"]
[EventDate "2012.??.??"]

1. d4 d5 2. c4 e6 3. Nc3 c6 4. Nf3 dxc4 5. a4 Bb4 6. e3 b5 7. Bd2 a5 8. Ne5 Nf6
9. Qf3 Bxc3 10. Bxc3 Qd5 11. axb5 cxb5 12. Rxa5 Rxa5 13. Bxa5 Qxf3 14. gxf3 O-O
15. Bb4 Re8 16. b3 cxb3 17. Bxb5 Bd7 18. Nxd7 Nbxd7 19. Bd6 Ra8 20. O-O b2 21.
Kg2 Ra1 22. Bd3 Nd5 23. e4 Nc3 24. Bb4 Nd1 25. d5 b1=Q 26. Bxb1 Rxb1 27. Bd2 e5
28. Re1 f6 29. Kf1 Nb6 30. Ke2 Nc4 31. Rxd1 Rxd1 32. Kxd1 Nxd2 33. Kxd2 Kf7 34.
Kd3 Ke7 35. Kc4 Kd6 36. Kb5 h6 37. Kb6 h5 38. Kb5 g6 39. Kb6 g5 40. h3 f5 41.
exf5 Kxd5 42. Kc7 e4 43. fxe4+ Ke5 44. f3 1-0

[Event "Tournoi des pays de l'OTAN 2012"]
[Site "BREST (France)"]
[Date "2012.10.04"]
[Round "6.34"]
[White "Giedraitis, Mingaudas"]
[Black "Toll, Alec"]
[Result "0-1"]
[WhiteElo "1800"]
[BlackElo "2054"]
[PlyCount "102"]
[EventDate "2012.??.??"]

1. e4 Nc6 2. Nc3 Nd4 3. Nf3 c5 4. Bc4 e6 5. Nb5 Nxb5 6. Bxb5 a6 7. Be2 d5 8.
exd5 exd5 9. d4 c4 10. O-O Nf6 11. Bg5 Be7 12. Re1 O-O 13. Ne5 h6 14. Bh4 Be6
15. Ng4 Nxg4 16. Bxe7 Nxf2 17. Bxd8 Nxd1 18. Raxd1 Rfxd8 19. c3 b5 20. Bf3 Rab8
21. a3 a5 22. Kf2 b4 23. axb4 axb4 24. Rb1 bxc3 25. bxc3 Ra8 26. Ra1 Rdb8 27.
Ke3 Kf8 28. Reb1 Ke7 29. Rxb8 Rxb8 30. Ra5 Rd8 31. Rb5 Rd7 32. Rb6 f5 33. Rb8
Kf6 34. Rf8+ Ke7 35. Rb8 g5 36. Rh8 f4+ 37. Kd2 g4 38. Bd1 Bf5 39. Rxh6 Ra7 40.
Rh5 Ra2+ 41. Ke1 Kf6 42. Rh6+ Kg5 43. Rd6 Be4 44. Rd8 Bxg2 45. Rg8+ Kf5 46.
Bxg4+ Ke4 47. Be2 Ke3 48. Rxg2 Rc2 49. Rf2 Rc1+ 50. Bd1 Rxd1+ 51. Kxd1 Kxf2 0-1

[Event "Tournoi des pays de l'OTAN 2012"]
[Site "BREST (France)"]
[Date "2012.10.04"]
[Round "6.35"]
[White "Baxted, Peter"]
[Black "Stuhr, Finn"]
[Result "0-1"]
[WhiteElo "2003"]
[BlackElo "1653"]
[PlyCount "100"]
[EventDate "2012.??.??"]

1. d4 Nf6 2. c4 b6 3. Nc3 Bb7 4. Nf3 e6 5. g3 Be7 6. Bg2 d6 7. O-O O-O 8. Qc2
Nbd7 9. b3 c5 10. dxc5 dxc5 11. Rd1 Qc7 12. Bb2 Rad8 13. Rd2 Bc6 14. Rad1 Bb7
15. Ne1 Bxg2 16. Nxg2 Ne5 17. Rxd8 Rxd8 18. Rxd8+ Bxd8 19. Nf4 Nc6 20. Nd3 a6
21. Nd1 Qe7 22. Ne5 Qd6 23. Nxc6 Qxc6 24. Nc3 Qd7 25. Nb1 Qe7 26. Qd3 Bc7 27.
Qf3 Qd8 28. Bc3 Ne8 29. Nd2 e5 30. Qb7 a5 31. Qe4 f6 32. Qc2 Qd7 33. a4 Nd6 34.
Nf1 Nf5 35. Qd2 Qe6 36. e3 Kf7 37. Qd3 g6 38. Nd2 Nd6 39. Ne4 Ke7 40. Nxd6 Bxd6
41. Qd5 Qxd5 42. cxd5 e4 43. f4 Bc7 44. Kf1 Bd8 45. Be5 fxe5 46. fxe5 Bc7 47.
d6+ Bxd6 48. exd6+ Kxd6 49. Ke1 Kd5 50. Kd2 c4 0-1

[Event "Tournoi des pays de l'OTAN 2012"]
[Site "BREST (France)"]
[Date "2012.10.04"]
[Round "6.36"]
[White "Csizmadia, Csaba"]
[Black "Ulusoy, Mustafa"]
[Result "0-1"]
[WhiteElo "1913"]
[BlackElo "1707"]
[PlyCount "96"]
[EventDate "2012.??.??"]

1. d4 d5 2. c4 c6 3. Nf3 Bf5 4. Nc3 e6 5. Qb3 Qb6 6. c5 Qxb3 7. axb3 Nd7 8. Bf4
Ngf6 9. h3 Be7 10. e3 h6 11. b4 b5 12. Bxb5 cxb5 13. Nxb5 O-O 14. Rxa7 Bd3 15.
Rxa8 Rxa8 16. Na3 Ne4 17. Nd2 e5 18. dxe5 Nexc5 19. bxc5 Bxc5 20. Nb3 Bxa3 21.
bxa3 Rxa3 22. Nc1 Ra1 23. Kd2 Bc4 24. Rd1 Nc5 25. Ke1 Ne4 26. Ne2 Ra2 27. Ng3
Nxf2 28. Rb1 g5 29. Rb8+ Kh7 30. Rb7 d4 31. Rc7 Be6 32. Bxg5 hxg5 33. exd4 Nd3+
34. Kf1 Nf4 35. Ne4 Kg6 36. Nd6 Nxg2 37. Kg1 Nh4 38. Rc3 Bd5 39. Nb5 Nf3+ 40.
Kf1 Rd2 41. Nc7 Rxd4 42. Nxd5 Nd2+ 43. Ke2 Rxd5 44. Rc6+ Kg7 45. Rd6 Ne4 46.
Rxd5 Nc3+ 47. Kd3 Nxd5 48. Ke4 Ne7 0-1

[Event "Tournoi des pays de l'OTAN 2012"]
[Site "BREST (France)"]
[Date "2012.10.04"]
[Round "6.37"]
[White "Vercauteren, Daniel"]
[Black "Langer, Herb"]
[Result "0-1"]
[WhiteElo "1642"]
[BlackElo "1773"]
[PlyCount "84"]
[EventDate "2012.??.??"]

1. Nc3 d5 2. e4 d4 3. Nce2 e5 4. Ng3 Nf6 5. Nf3 Bd6 6. Bc4 O-O 7. O-O c5 8. d3
Qc7 9. Bd2 Nbd7 10. Nf5 b6 11. Ng5 h6 12. Bxf7+ Rxf7 13. Nxf7 Kxf7 14. Qf3 Bf8
15. h4 h5 16. Bg5 g6 17. Ng3 Qd6 18. Qe2 Kg7 19. f4 exf4 20. Rxf4 Ng4 21. Raf1
Bb7 22. Qf3 Nde5 23. Qe2 Be7 24. Rf5 Re8 25. Bxe7 Rxe7 26. Rg5 Kh7 27. Nxh5
gxh5 28. Rxh5+ Kg8 29. Rff5 Bc8 30. Rhg5+ Rg7 31. Rxg7+ Kxg7 32. Rg5+ Kf7 33.
Rh5 Qg6 34. Rg5 Qf6 35. Rh5 Qf4 36. Qf1 Qxf1+ 37. Kxf1 Bd7 38. Rh7+ Kg6 39. Re7
Kf6 40. Rh7 a5 41. g3 Nf7 42. Rh5 Nge5 0-1

[Event "Tournoi des pays de l'OTAN 2012"]
[Site "BREST (France)"]
[Date "2012.10.04"]
[Round "6.38"]
[White "Ghiacy, Jelani"]
[Black "Bower, Scott"]
[Result "0-1"]
[WhiteElo "1193"]
[BlackElo "1786"]
[PlyCount "114"]
[EventDate "2012.??.??"]

1. d4 e6 2. Nf3 Nf6 3. a3 d5 4. c4 c5 5. e3 b6 6. Nc3 Be7 7. cxd5 Nxd5 8. Nxd5
Qxd5 9. Bb5+ Bd7 10. Bxd7+ Nxd7 11. O-O Rd8 12. Qa4 Qb7 13. dxc5 b5 14. Qg4 Nf6
15. Qf4 Bxc5 16. h3 O-O 17. Re1 Ne4 18. Nh2 Bd6 19. Qf3 f5 20. Qe2 Be5 21. Nf3
Bf6 22. Nd4 Bxd4 23. exd4 Rfe8 24. f3 Nf6 25. Qf2 Nd5 26. Bd2 Rc8 27. Rac1 Rxc1
28. Rxc1 Rc8 29. Qe1 Kf7 30. Kf2 Rxc1 31. Qxc1 a6 32. b4 Qc7 33. Qxc7+ Nxc7 34.
g3 Nd5 35. h4 Nb6 36. Bc1 h5 37. g4 hxg4 38. fxg4 fxg4 39. Kg3 Nc4 40. Kxg4 g6
41. Kg5 Nd6 42. h5 gxh5 43. Kxh5 Nf5 44. Bb2 Ke7 45. Kg5 Kd6 46. Kf6 Kd5 47.
Bc3 Nxd4 48. Bxd4 Kxd4 49. Kxe6 Kc4 50. Kd6 Kb3 51. Kc6 Kxa3 52. Kb6 Kxb4 53.
Kxa6 Ka4 54. Kb6 b4 55. Kc5 b3 56. Kc4 b2 57. Kc3 b1=Q 0-1

[Event "Tournoi des pays de l'OTAN 2012"]
[Site "BREST (France)"]
[Date "2012.10.04"]
[Round "6.39"]
[White "Chwieseni, Edward"]
[Black "Echavarria Hidalgo, Fernando"]
[Result "0-1"]
[WhiteElo "1794"]
[BlackElo "1774"]
[PlyCount "104"]
[EventDate "2012.??.??"]

1. e4 e5 2. Nf3 Nc6 3. Bc4 Be7 4. d4 exd4 5. O-O d6 6. Nxd4 Nxd4 7. Qxd4 Bf6 8.
Qd5 Qd7 9. Nc3 Bxc3 10. bxc3 Nf6 11. Qd3 O-O 12. Bg5 Qg4 13. Bxf6 gxf6 14. Qg3
Qxg3 15. fxg3 Be6 16. Bd3 Kg7 17. c4 h5 18. Rab1 b6 19. Rf4 Rh8 20. Rbf1 Rh6
21. h3 a5 22. a4 Bd7 23. Ra1 Re8 24. Kf2 Re5 25. h4 Rg6 26. Ra3 Bc6 27. Rf5 Kh6
28. Rxe5 fxe5 29. Ra1 Rg4 30. c5 dxc5 31. Bc4 f6 32. Bd5 Bxd5 33. exd5 Rd4 34.
Ke3 Rxd5 35. Ke4 Rd4+ 36. Kf5 Kg7 37. Ke6 Rd6+ 38. Kf5 Kf7 39. g4 Rd4 40. Rf1
Rxg4 41. g3 Rxa4 42. c3 Rg4 43. Rd1 Ke7 44. Rd3 c6 45. Re3 b5 46. Rd3 a4 47.
Re3 a3 48. c4 b4 49. Rxa3 Rf4+ 50. gxf4 bxa3 51. fxe5 fxe5 52. Kxe5 a2 0-1

[Event "Tournoi des pays de l'OTAN 2012"]
[Site "BREST (France)"]
[Date "2012.10.04"]
[Round "6.40"]
[White "Ross, David"]
[Black "Langelier, Frederic"]
[Result "1-0"]
[WhiteElo "1810"]
[BlackElo "1281"]
[PlyCount "67"]
[EventDate "2012.??.??"]

1. e4 e5 2. Nf3 d6 3. d4 Nd7 4. Bc4 h6 5. O-O Ngf6 6. Re1 h5 7. Ng5 Qe7 8.
Bxf7+ Kd8 9. Ne6+ Qxe6 10. Bxe6 Ke7 11. Bb3 h4 12. dxe5 Nxe5 13. Bg5 h3 14. g3
Bg4 15. Qd5 Nf3+ 16. Kh1 Nxe1 17. Nd2 Bf3+ 18. Nxf3 Nxf3 19. Qf7+ Kd8 20. Bxf6+
gxf6 21. Qxf6+ Kd7 22. Qxh8 Ng5 23. e5 Re8 24. e6+ Nxe6 25. Bxe6+ Rxe6 26. Qxf8
c5 27. Qf5 Ke7 28. Qxe6+ Kxe6 29. f4 Kf5 30. Re1 b5 31. Kg1 d5 32. Re5+ Kg4 33.
Kf2 a5 34. Rg5# 1-0